000 00564nam a22001577a 4500
008 160512b xxu||||| |||| 00| 0 eng d
082 _22012
_aUT 0328
_bIb6
100 _98020
_aIbot, Joeymerchmond D.
245 _aAssessment of crime rate in Digos City, Year 2009-2010/
_cJoeymerchmond D. Ibot, Delma A. Aniong and Jessa R. Arinsol.
260 _aDigos City:
_bUMDC
_cJanuary 2012
300 _a34 pages;
_c28 cm.
650 0 _98019
_aCriminology
_xUndergraduate thesis.
700 _98017
_aAniong, Delma A.
700 _98018
_aArinsol, Jessa R.
942 _2ddc
_cUT
999 _c2432
_d2432